Top 20 Most Famous People of the 20th Century - Statistics

General Stats
  • This quiz has been taken 383 times
  • The average score is 7 of 20
Answer Stats
% Person % Correct
89 Adolf Hitler
86%
89 Winston Churchill
75%
66 Kennedy family
72%
72 The Roosevelts
59%
85 Albert Einstein
45%
78 Lenin
42%
68 Ronald Reagan
41%
80 Margaret Thatcher
34%
65 Mao Zedong
33%
73 Nelson Mandela
32%
79 Martin Luther King
29%
74 Marilyn Monroe
28%
76 Princess Diana
18%
78 Bill Gates
17%
66 Henry Ford
17%
81 Anne Frank
9%
72 Sigmund Freud
5%
75 Steven Spielberg
5%
70 Oprah Winfrey
3%
69 Coco Chanel
2%
No matching quizzes found
Score Distribution
Percent of People with Each Score
Percentile by Number Answered
Your Score History
You have not taken this quiz